Сочинения: в 30 т.

Bibliografiske detaljer
Sprog:russisk
Udgivet: Москва, Государственное изд-во, 1925-1934
Udgivelse:2-е изд., испр. и доп.
Format: MixedMaterials Bog
KOHA link:https://koha.lib.tpu.ru/cgi-bin/koha/opac-detail.pl?biblionumber=271233

MARC

LEADER 00000nam1a2200000 4500
001 271233
005 20260316131738.0
035 |a (RuTPU)RU\TPU\book\294414 
090 |a 271233 
100 |a 20141006g19251934k||y0rusy50 ca 
101 0 |a rus 
102 |a RU 
200 1 |a Сочинения  |e в 30 т.  |f В. И. Ленин  |g Институт Ленина 
205 |a 2-е изд., испр. и доп. 
210 |a Москва  |a Ленинград  |c Государственное изд-во  |d 1925-1934 
801 1 |a RU  |b 63413507  |c 20141006 
942 |c BK